Superheroes Movies 2002-2022 - Statistics

General Stats
  • This quiz has been taken 114 times
  • The average score is 15 of 21
Answer Stats
Year Actor/ Director Villain Character Comic Movie % Correct
2002 Sam Raimi Green Goblin May Parker Marvel Spider-Man
99%
2004 Sam Raimi Doctor Octopus Harry Osborn Marvel Spider-Man 2
92%
2022 Matt Reeves The Penguin Catwoman DC The Batman
89%
2008 Jon Favreau Iron Monger Pepper Potts Marvel Iron Man
88%
2010 Jon Favreau Whiplash Pepper Potts Marvel Iron Man 2
83%
2012 Joss Whedon Loki Maria Hill Marvel The Avengers
83%
2007 Nicolas Cage Mephisto N/A Marvel Ghostrider
76%
2013 Zack Snyder General Zod Lois Lane DC Man of Steel
74%
2019 Joe and Anthony Russo Thanos Nebula Marvel Avengers: Endgame
73%
2003 Jennifer Garner Kingpin Elekta Marvel Daredevil
73%
2011 Ryan Reynolds Parallax Sinestro DC Green Lantern
73%
2005 Christopher Nolan Ra's Al Ghul Lucius Fox DC Batman Begins
72%
2021 Jon Watts Green Goblin May Parker Marvel Spider-Man: No Way Home
68%
2014 Marc Webb Electro Gwen Stacy Marvel The Amazing Spider-Man 2
66%
2016 Joe and Anthony Russo Helmutt Zemo Scarlet Witch Marvel Captain America: Civil War
64%
2017 Patty Jenkins Ares Steve Trevor DC Wonder Woman
63%
2015 Joss Whedon Ulysses Klaue Helen Cho Marvel Avengers: Age of Ultron
61%
2020 Margot Robbie Black Mask Black Canary DC Birds of Prey
57%
2009 Hugh Jackman Deadpool Gambit Marvel X-Men Origins: Wolverine
50%
2006 Hugh Jackman Phoenix Professor X Marvel X-Men: The Last Stand
43%
2018 Hailee Steinfeld Kingpin N/A Marvel Spider-Man Into the Spider-Verse
34%
No matching quizzes found
Score Distribution
Percent of People with Each Score
Percentile by Number Answered
Your Score History
You have not taken this quiz